[Event "TCh-AUT 1st Bundesliga 2012"]
[Site "Jenbach AUT"]
[Date "2012.04.19"]
[Round "8.1"]
[White "Rapport,R"]
[Black "Ragger,M"]
[Result "1/2-1/2"]
[WhiteElo "2543"]
[BlackElo "2655"]

1.Nf3 d5 2.g3 Nf6 3.Bg2 c6 4.O-O Bg4 5.d4 Nbd7 6.Nbd2 e6 7.Re1 Be7 8.e4 O-O
9.c3 Bh5 10.e5 Ne8 11.Nb3 Nc7 12.Be3 a5 13.Nc1 a4 14.Nd3 c5 15.dxc5 Na6 16.Bd4 Naxc5
17.Nf4 Bg4 18.h3 Bf5 19.Bxc5 Bxc5 20.Nh4 Bg6 21.Nhxg6 hxg6 22.Qg4 Qc7 23.Nd3 Be7
24.a3 Nc5 25.Rad1 Qb6 26.Nb4 Na6 27.Bf1 Nc5 28.Bg2 Nb3 29.Nd3 Nc5 30.Nb4 Nb3  1/2-1/2

[Event "TCh-CAT 2012"]
[Site "Catalunya ESP"]
[Date "2012.04.21"]
[Round "11.1"]
[White "Movsziszian,K"]
[Black "Alsina Leal,D"]
[Result "0-1"]
[WhiteElo "2483"]
[BlackElo "2535"]

1.g3 d5 2.Nf3 Nf6 3.Bg2 c6 4.c4 Bg4 5.Ne5 Be6 6.cxd5 Bxd5 7.Nf3 c5 8.Nc3 Bc6
9.O-O e6 10.a3 Nbd7 11.Rb1 Be7 12.b4 a6 13.d4 cxd4 14.Qxd4 O-O 15.e4 Ng4
16.Bb2 Bf6 17.Qd2 Nde5 18.Qe2 Qd3 19.Nxe5 Nxe5 20.Qxd3 Nxd3 21.Ba1 Ne5 22.a4 b5
23.axb5 axb5 24.Rfd1 Nc4 25.Ne2 Rfd8 26.Bxf6 gxf6 27.Nd4 Be8 28.Bf1 Nd6 29.f3 e5
30.Nb3 f5 31.Rd5 fxe4 32.Rbd1 Nb7 33.fxe4 Bc6 34.Rxd8+ Rxd8 35.Ra1 Bxe4  0-1

[Event "14th Dubai Open 2012"]
[Site "Dubai UAE"]
[Date "2012.04.21"]
[Round "7.1"]
[White "Akopian,Vl"]
[Black "Sandipan,C"]
[Result "1/2-1/2"]
[WhiteElo "2684"]
[BlackElo "2595"]

1.Nf3 d5 2.g3 Nf6 3.Bg2 c6 4.O-O Bf5 5.c4 e6 6.cxd5 cxd5 7.Qb3 Qd7 8.Ne5 Qc7
9.d3 Nc6 10.e4 dxe4 11.Nxc6 Qxc6 12.Nc3 Bc5 13.dxe4 Bxe4 14.Nxe4 Nxe4 15.Bf4 O-O
16.Rac1 f5 17.Be3 b6 18.Qc2 Qd5 19.Rfd1 Qe5 20.Bxc5 Qxc5 21.Qxc5 bxc5 22.Bxe4 fxe4
23.Rxc5 Rad8 24.Rxd8 Rxd8 25.Rc2 Rd1+ 26.Kg2 Kf7 27.Rc7+ Kf6 28.Rxa7 Rd2
29.Kf1 Rxb2 30.h4 h5 31.Ra5 g6 32.a4 Ra2 33.Ra8 Kf5 34.Rf8+ Ke5 35.Rg8 Kf5
36.Rf8+ Ke5 37.Rg8 Kf5  1/2-1/2

[Event "Frauenbundesliga 2011-12"]
[Site "Germany GER"]
[Date "2012.04.22"]
[Round "10.1"]
[White "Kochetkova,J"]
[Black "Schmidt,Jessica"]
[Result "1/2-1/2"]
[WhiteElo "2260"]
[BlackElo "2265"]

1.Nf3 d5 2.g3 Nf6 3.Bg2 Bf5 4.O-O e6 5.c4 c6 6.cxd5 exd5 7.d3 Be7 8.b3 O-O
9.Bb2 h6 10.Nbd2 Nbd7 11.Qc2 Bh7 12.Rad1 a5 13.e4 Qb6 14.Ne5 Nxe5 15.Bxe5 Ng4
16.Bb2 Bc5 17.Nb1 dxe4 18.dxe4 Rad8 19.Rxd8 Rxd8 20.Bf3 Nf6 21.Nd2 Bd4 22.Nc4 Qc7
23.Bxd4 Rxd4 24.Qc3 Qd8 25.Qxa5 Bxe4 26.Bxe4 Nxe4 27.Qxd8+ Rxd8  1/2-1/2

[Event "TCh-AUT 1st Bundesliga 2012"]
[Site "Jenbach AUT"]
[Date "2012.04.22"]
[Round "11"]
[White "Novkovic,Mi"]
[Black "Levushkina,E"]
[Result "1/2-1/2"]
[WhiteElo "2381"]
[BlackElo "2310"]

1.Nf3 d5 2.g3 Bg4 3.Bg2 Nd7 4.d4 e6 5.O-O Ngf6 6.Nbd2 Be7 7.Re1 O-O 8.e4 dxe4
9.Nxe4 Nxe4 10.Rxe4 Nf6 11.Re1 c6 12.c3 h6 13.Qb3 Qb6 14.Ne5 Bf5 15.Nc4 Qxb3
16.axb3 a6 17.Na5 Ra7 18.b4 Re8 19.Bd2 Nd5 20.Nb3 Rd8 21.Nc5 Bf6 22.Bf1 Nc7
23.h4 Kf8 24.Bc4 Kg8 25.Kg2 Be7 26.Re2 b6 27.Ne4 e5 28.g4 Bxg4 29.f3 Be6
30.Bxe6 Nxe6 31.dxe5  1/2-1/2

[Event "TCh-NED Meesterklasse 2011-12"]
[Site "Netherlands NED"]
[Date "2012.04.22"]
[Round "9.4"]
[White "Heemskerk,W"]
[Black "Kuipers,S"]
[Result "0-1"]
[WhiteElo "2280"]
[BlackElo "2381"]

1.Nf3 d5 2.g3 c6 3.Bg2 Bg4 4.c4 e6 5.cxd5 Bxf3 6.Bxf3 cxd5 7.O-O Nf6 8.d3 Be7
9.Nc3 O-O 10.Bf4 Nc6 11.Qa4 a6 12.Rfc1 b5 13.Qd1 Rc8 14.Qf1 Qb6 15.Bg2 h6
16.e4 dxe4 17.Be3 Qa5 18.dxe4 Ng4 19.Qe2 Nxe3 20.Qxe3 Ne5 21.a4 b4 22.Nd1 Bc5
23.Qe2 Bd4 24.Bf1 Rxc1 25.Rxc1 Qxa4 26.Qxa6 Qd7 27.Kg2 g5 28.h3 Kg7 29.Qb5 Qd6
30.Qa6 Qe7 31.Qe2 Qb7 32.f3 Rc8 33.Rxc8 Qxc8 34.Qd2 Qc5 35.Nf2 Be3 36.Qe2 b3
37.Nd1 Bd4 38.f4 gxf4 39.gxf4 Ng6 40.Kg3 Qc1 41.Qf3 Qd2 42.Bc4 Qe1+  0-1

[Event "TCh-NED Meesterklasse 2011-12"]
[Site "Netherlands NED"]
[Date "2012.04.22"]
[Round "9.3"]
[White "Zaragatski,I"]
[Black "Van Wessel,R"]
[Result "1/2-1/2"]
[WhiteElo "2474"]
[BlackElo "2375"]

1.Nf3 d5 2.g3 c6 3.Bg2 Bg4 4.c4 e6 5.O-O Nd7 6.cxd5 cxd5 7.Nc3 Ngf6 8.d3 Be7
9.h3 Bxf3 10.Bxf3 O-O 11.e4 d4 12.Nb1 Qb6 13.Nd2 Qa6 14.Be2 Rac8 15.f4 Rfd8
16.g4 Nc5 17.g5 Ne8 18.h4 f5 19.exf5 exf5 20.Nc4 b5 21.Ne5 Bd6 22.a4 Bxe5
23.fxe5 Qe6 24.axb5 Nc7 25.Rxa7 Nxb5 26.Ra5 Rb8 27.Bf4 Qb6 28.Ra1 Nc7 29.Bf3 N7e6
30.Bc1 Qb5 31.Ra3 Nb3 32.Qe2 Nxc1 33.Rxc1 Nf4 34.Qd2 Qxe5 35.Re1 Rxb2 36.Rxe5 Rxd2
37.Rxf5 Rxd3 38.Bd5+ Kh8 39.Ra8 Rxa8 40.Bxa8 Ne6 41.Bd5 g6 42.Rf6 Nxg5 43.hxg5 Rg3+  1/2-1/2

[Event "ch-BUL 2012"]
[Site "Panagyurishte BUL"]
[Date "2012.04.22"]
[Round "5.4"]
[White "Marholev,D"]
[Black "Nikolov,Mo"]
[Result "0-1"]
[WhiteElo "2383"]
[BlackElo "2550"]

1.Nf3 d5 2.g3 c5 3.c4 d4 4.b4 cxb4 5.a3 bxa3 6.Bxa3 Nc6 7.Bg2 Nf6 8.O-O e5
9.Bxf8 Kxf8 10.d3 g6 11.Nbd2 h6 12.Qb3 Kg7 13.Rfb1 Re8 14.Ne1 Re7 15.Nc2 Bf5
16.Qa3 Rc8 17.Bxc6 Rxc6 18.Qxa7 b5 19.Qa3 bxc4 20.Nb4 Rce6 21.Nxc4 e4 22.Qa5 Qe8
23.Nc2 Rd7 24.Qa3 exd3 25.exd3 Bh3 26.Qc5 Re2 27.Re1 Rde7 28.Rxe2 Rxe2 29.Nb6 Rxf2
30.Kxf2 Ng4+ 31.Kf3 Bg2+  0-1

[Event "Spartak IM 2012"]
[Site "Subotica SRB"]
[Date "2012.04.22"]
[Round "4.3"]
[White "Vasovski,N"]
[Black "Ardeleanu,A"]
[Result "1/2-1/2"]
[WhiteElo "2279"]
[BlackElo "2338"]

1.Nf3 d5 2.g3 c5 3.Bg2 Nc6 4.c4 d4 5.d3 e5 6.O-O Bd6 7.e3 Nge7 8.exd4 cxd4
9.Na3 O-O 10.Nc2 a6 11.a3  1/2-1/2

[Event "ch-LTU 2012"]
[Site "Vilnius LTU"]
[Date "2012.04.24"]
[Round "4"]
[White "Zickus,S"]
[Black "Dambrauskas,V"]
[Result "1-0"]
[WhiteElo "2283"]
[BlackElo "2307"]

1.Nf3 d5 2.g3 c6 3.Bg2 Bg4 4.O-O Nd7 5.d4 e6 6.Nbd2 Ngf6 7.Re1 Be7 8.e4 dxe4
9.Nxe4 Nxe4 10.Rxe4 Bf5 11.Re1 O-O 12.c3 h6 13.Qb3 Qb6 14.Nd2 Nf6 15.Nc4 Qxb3
16.axb3 g5 17.b4 a6 18.h4 Nd5 19.hxg5 hxg5 20.Nd2 Rae8 21.Nb3 Rb8 22.Nc5 Rfd8
23.Bd2 Kg7 24.Bf3 Nc7 25.Kg2 Nb5 26.g4 Bg6 27.Re5 Bf6 28.Bxg5 Bxg5 29.Rxg5 Kf6
30.Re5 Ke7 31.Rae1 Nc7 32.Kg3 Kd6 33.Be4 f6 34.Bxg6 fxe5 35.dxe5+ Ke7 36.Rh1 Rh8
37.Rxh8 Rxh8 38.Nxb7 Rh1 39.Na5 Kd7 40.Be4 Rg1+ 41.Kf3 Nd5 42.Nb3 Nb6 43.Nc5+ Ke7
44.Bxc6 Nc4 45.Nd3 Rd1 46.Be4 Rb1 47.Bb7 Nxb2 48.Bxa6 Nxd3 49.Bxd3 Rb3 50.Ke3 Rxc3
51.f4 Rb3 52.b5 Rb4 53.f5 Rxg4 54.f6+ Kf7 55.Be4 Rg3+ 56.Bf3 Rg5 57.Kf4 Rg1
58.b6 Rb1 59.b7 Rb5 60.Bc6 Rb4+ 61.Ke3 Kg6 62.Kd3 Kf7 63.Kc3 Rb6 64.Kd4  1-0

[Event "ch-SRB 2012"]
[Site "Vrnjacka Banja SRB"]
[Date "2012.04.24"]
[Round "2"]
[White "Markovic,Miros1"]
[Black "Perunovic,Mil"]
[Result "0-1"]
[WhiteElo "2480"]
[BlackElo "2582"]

1.Nf3 d5 2.g3 Nc6 3.d4 Bg4 4.Bg2 e6 5.O-O Bd6 6.c4 Nf6 7.Nc3 O-O 8.cxd5 Nxd5
9.e4 Nb6 10.h3 Bh5 11.g4 Bg6 12.Qe2 f5 13.gxf5 Bh5 14.Rd1 Qe8 15.e5 Be7 16.f6 Qg6
17.Nh4 Qf7 18.Bf3 Bxf3 19.Qxf3 gxf6 20.Bh6 fxe5 21.Bxf8 Rxf8 22.Qxf7+ Rxf7
23.Ng2 exd4 24.Ne4 Nd5 25.Rd3 Ne5 26.Rg3+ Kf8 27.Rc1 b6 28.Kf1 c5 29.b3 Rf5
30.Ke2 h5 31.h4 Nf4+ 32.Kd2 Nxg2 33.Rxg2 Bxh4 34.Rh1 Rf4 35.Nd6 Ke7 36.Nc4 Nxc4+
37.bxc4 e5 38.Rgh2 Bg5 39.Rxh5 Rxf2+ 40.Kd3 Bf6 41.a4 Ke6 42.a5 b5 43.Rc1 b4
44.a6 b3 45.Re1 b2 46.Rb1 Rf3+ 47.Ke2 e4 48.Rxc5 d3+ 49.Kd2 Bd4  0-1

[Event "Historical Melaka Op"]
[Site "Melaka MAS"]
[Date "2012.04.26"]
[Round "6"]
[White "Fominyh,A"]
[Black "Deepan,C"]
[Result "1/2-1/2"]
[WhiteElo "2488"]
[BlackElo "2461"]

1.Nf3 d5 2.g3 Nf6 3.Bg2 c6 4.O-O Bg4 5.c4 Nbd7 6.cxd5 cxd5 7.d4 e6 8.Nc3 Bd6
9.Qb3 Qb6 10.Qxb6 Nxb6  1/2-1/2

[Event "Historical Melaka Op"]
[Site "Melaka MAS"]
[Date "2012.04.26"]
[Round "6"]
[White "Arun Prasad,S"]
[Black "Yeoh,L"]
[Result "1-0"]
[WhiteElo "2517"]
[BlackElo "2204"]

1.Nf3 d5 2.g3 Nf6 3.Bg2 c6 4.c4 Bf5 5.cxd5 cxd5 6.Qb3 Qb6 7.Qxb6 axb6 8.Nc3 Nc6
9.d3 e5 10.Nb5 Rc8 11.O-O Be7 12.Bg5 d4 13.Nd2 Nd7 14.Bxe7 Kxe7 15.Nc4 Be6
16.Ncd6 Rb8 17.Nxb7 Rxb7 18.Bxc6 Rbb8 19.Rfc1 Rhc8 20.Na7 Rc7 21.Bxd7 Kxd7
22.Rxc7+ Kxc7 23.Rc1+ Kd6 24.Nb5+ Ke7 25.f4 Bd7 26.Nc7 exf4 27.Nd5+ Kd6 28.Nxf4 g5
29.Ng2 Ra8 30.a3 b5 31.Ne1 g4 32.Kf2 Be6 33.Nc2 Rc8 34.Ke1 f5 35.Kd2 Ke5
36.Rf1 Bb3 37.Nb4 h5 38.e3 dxe3+ 39.Kxe3 Re8 40.Kd2 Kf6 41.Nc6 Be6 42.Nd4 Bd7
43.Rc1 h4 44.Rc7 Rd8 45.Ne2 hxg3 46.hxg3  1-0

[Event "TCh-ITA 2012"]
[Site "Arvier ITA"]
[Date "2012.04.27"]
[Round "1"]
[White "D'Amore,C"]
[Black "Salvetti,A"]
[Result "1-0"]
[WhiteElo "2493"]
[BlackElo "2210"]

1.Nf3 d5 2.g3 c6 3.Bg2 Bg4 4.d3 Nd7 5.Nbd2 Ngf6 6.h3 Bh5 7.O-O e6 8.b3 Bc5
9.Bb2 O-O 10.a3 a5 11.c4 Re8 12.Qc2 Qe7 13.Rfe1 Bb6 14.Rab1 Qd6 15.b4 axb4
16.axb4 Qf8 17.e4 dxe4 18.dxe4 c5 19.e5 Bg6 20.Qc1 Nh5 21.b5 Bxb1 22.Qxb1 f5
23.exf6 Nhxf6 24.Ne4 Nxe4 25.Qxe4 Rab8 26.Ng5 Nf6 27.Bxf6 Qxf6 28.Qxh7+ Kf8
29.Qh5 Kg8 30.Bd5 Ba5 31.Rxe6 Rxe6 32.Bxe6+ Kf8 33.Nh7+  1-0

[Event "Nakhchivan Open 2012"]
[Site "Nakhchivan AZE"]
[Date "2012.04.29"]
[Round "2.2"]
[White "Khalifman,A"]
[Black "Esen,B"]
[Result "1/2-1/2"]
[WhiteElo "2649"]
[BlackElo "2555"]

1.Nf3 d5 2.g3 g6 3.Bg2 Bg7 4.d4 Nf6 5.c4 dxc4 6.Qa4+ Nfd7 7.Nbd2 Nc6 8.Nxc4 O-O
9.O-O Nxd4 10.Nxd4 Bxd4 11.Bh6 Bg7 12.Bxg7 Kxg7 13.Rfd1 c6 14.Qa3 Re8 15.Rac1 Qc7
16.b4 Qb8 17.b5 cxb5 18.Qb2+ Nf6 19.Qxb5 Be6 20.Bxb7 a6 21.Qb1 Bxc4 22.Rxc4 Ra7
23.Bf3 a5 24.a4 Rc8 25.Qxb8 Rxb8 26.Rd2 Ne8 27.Rdc2 Rb1+ 28.Kg2 Ra1 29.Bc6 Nd6
30.Rc5 Rb1 31.e4  1/2-1/2

[Event "GP FFE 2nd stage KO"]
[Site "Nancy FRA"]
[Date "2012.04.29"]
[Round "1.1"]
[White "Bauer,Ch"]
[Black "Fressinet,L"]
[Result "0-1"]
[WhiteElo "2679"]
[BlackElo "2693"]

1.Nf3 d5 2.g3 c6 3.Bg2 Bg4 4.O-O Nd7 5.c4 Bxf3 6.Bxf3 Ne5 7.Qb3 Nxf3+ 8.exf3 Qd7
9.cxd5 cxd5 10.Nc3 e6 11.d3 Ne7 12.Re1 Rd8 13.Nb5 Nc6 14.Bf4 Rc8 15.Be3 d4
16.Bd2 Be7 17.Rac1 O-O 18.Na3 Rfd8 19.Kg2 h6 20.Nc4 Bf6 21.Bf4 Be7 22.Bd2 b6
23.a4 Qd5 24.Qb5 Bb4 25.Bxb4 Qxb5 26.axb5 Nxb4 27.Ne5 Kf8 28.Rxc8 Rxc8 29.Re4 Rd8
30.f4 Rd5 31.Kf1 Rxb5 32.Rxd4 Nd5 33.Ra4 a5 34.Nc4 Ke7 35.Ra1 Rb3 36.Ke2 Nb4
37.Ra3 Rxa3 38.Nxa3 Kd6 39.Nc4+ Kc5 40.Ne5 f6 41.Nd7+ Kc6 42.Nf8 Kd6 43.Ng6 b5
44.Nh4 Nc6 45.Ke3 a4 46.Nf3 Kd5 47.h4 b4 48.Ne1 Nd4 49.Kd2 e5 50.fxe5 fxe5
51.h5 e4 52.g4 Nf3+  0-1

[Event "Norsk Sjakkfestival"]
[Site "Fagernes NOR"]
[Date "2012.05.01"]
[Round "5"]
[White "Stokke,K"]
[Black "Prakken,G"]
[Result "0-1"]
[WhiteElo "2409"]
[BlackElo "2219"]

1.Nf3 d5 2.g3 Nf6 3.Bg2 e6 4.O-O c5 5.c4 Nc6 6.d4 Be7 7.dxc5 Bxc5 8.a3 a5
9.cxd5 exd5 10.Nc3 O-O 11.Bg5 d4 12.Nb5 h6 13.Bxf6 Qxf6 14.Nc7 Rb8 15.Rc1 Bb6
16.Nd5 Qd8 17.Qb3 Ba7 18.Nd2 Re8 19.Rfe1 Bg4 20.Nf4 Qd7 21.Bf3 Ne5 22.Bxg4 Nxg4
23.Qd5 Qxd5 24.Nxd5 Rbd8 25.Nf4 d3 26.e3 Nxe3 27.fxe3 Bxe3+ 28.Rxe3 Rxe3
29.Kf2 Rde8 30.Nc4 Re2+ 31.Nxe2 Rxe2+ 32.Kf3 Rc2 33.Rd1 Rxc4 34.Rxd3 Rc2
35.Rb3 Rxh2 36.Rxb7 g5 37.b3 Kg7 38.Rb5 Rc2 39.g4 a4 40.bxa4 Rc3+ 41.Kg2 Rxa3
42.a5 f6 43.Rc5 Kg6 44.Rf5 Ra4  0-1

[Event "Copenhagen Chess Challenge 2012"]
[Site "Ballerup DEN"]
[Date "2012.05.02"]
[Round "1"]
[White "Danielsen,Hen"]
[Black "Skovgaard,I"]
[Result "1-0"]
[WhiteElo "2498"]
[BlackElo "2035"]

1.g3 d5 2.Nf3 c6 3.Bg2 Bf5 4.d3 Nd7 5.Nbd2 e5 6.e4 dxe4 7.dxe4 Be6 8.O-O a5
9.Qe2 f6 10.Rd1 Qc7 11.Nc4 Nb6 12.Ne3 Nh6 13.Ne1 Be7 14.Bh3 Bxh3 15.Qh5+ Nf7
16.Qxh3 Ng5 17.Qg2 Ne6 18.Nf3 Kf7 19.Qh3 Rad8 20.Bd2 Bb4 21.Bxb4 axb4 22.Rxd8 Qxd8
23.Rd1 Qc7 24.Nf5 Nc8 25.Nxg7 Nd4 26.Nxd4 exd4 27.Rxd4 Qe5 28.Rd7+ Kg6 29.Nf5 h5
30.Rg7+  1-0

[Event "Copenhagen Chess Challenge 2012"]
[Site "Ballerup DEN"]
[Date "2012.05.03"]
[Round "2"]
[White "Fries Nielsen,NJ"]
[Black "Hector,J"]
[Result "1/2-1/2"]
[WhiteElo "2326"]
[BlackElo "2560"]

1.Nf3 d5 2.g3 Nc6 3.d4 Bg4 4.Bg2 Qd7 5.c4 dxc4 6.d5 O-O-O 7.Nc3 Bxf3 8.Bxf3 Ne5
9.Bg2 e6 10.Bf4 Ng6 11.Qd4 Nxf4 12.gxf4 c6 13.Qxc4 exd5 14.Bxd5 Kb8 15.Bf3 Nf6
16.Rd1 Bd6 17.e3 h6 18.h4 Qe7 19.Ke2 Bc7 20.b4 Nd7 21.Qe4 Qf6 22.Qd4 Rhe8
23.Qxf6 Nxf6 24.Rxd8+ Bxd8 25.h5 Be7 26.a3 Bd6 27.Kd3 Nd7 28.Rg1 Bf8 29.Kc2 Kc7
30.Kb3 a5 31.Rc1 axb4 32.axb4 Rd8 33.Nb5+ Kb6 34.Na3 Nb8 35.Nc4+ Kc7 36.b5 cxb5
37.Ne5+ Kb6 38.Nxf7 Rd3+ 39.Rc3 Rxc3+ 40.Kxc3 Na6 41.Ne5 Nc5 42.Nd3 Ne6 43.Bd5 Nc7
44.Bf3 Ne6 45.Bd5 Nc7 46.Bf3  1/2-1/2

[Event "Copenhagen Chess Challenge 2012"]
[Site "Ballerup DEN"]
[Date "2012.05.04"]
[Round "4"]
[White "Akdag,D"]
[Black "Pedersen,Sven2"]
[Result "1-0"]
[WhiteElo "2264"]
[BlackElo "2125"]

1.Nf3 d5 2.g3 Nf6 3.Bg2 c6 4.O-O Bg4 5.c4 dxc4 6.Qc2 Nbd7 7.Na3 e6 8.Nxc4 Be7
9.d4 O-O 10.Rd1 Nb6 11.Na5 Bxf3 12.Bxf3 Rb8 13.e4 Bb4 14.Nb3 Nbd7 15.Bf4 Rc8
16.Nc5 b6 17.Nb7 Qe7 18.a3 Nb8 19.axb4 Qxb7 20.Qa4 Qe7 21.Be5 Rfe8 22.Kg2 h6
23.b5 Nfd7 24.Bxb8 Nxb8 25.Qxa7 Qb4 26.Qxb6 cxb5 27.Ra7 Nc6 28.Rc7 Rxc7 29.Qxc7 Ne7
30.d5 Rc8 31.Qd7 exd5 32.exd5 Rc2 33.d6 Ng6 34.Qe8+  1-0

[Event "Copenhagen Chess Challenge 2012"]
[Site "Ballerup DEN"]
[Date "2012.05.05"]
[Round "6"]
[White "Fries Nielsen,NJ"]
[Black "Hagen,Andr"]
[Result "1/2-1/2"]
[WhiteElo "2326"]
[BlackElo "2445"]

1.Nf3 d5 2.g3 Nf6 3.Bg2 c6 4.O-O Bg4 5.d3 Nbd7 6.h3 Bxf3 7.exf3 g6 8.f4 Bg7
9.Nd2 O-O 10.Nf3 Ne8 11.c3 Nd6 12.Be3 Nf5 13.g4 Nxe3 14.fxe3 a5 15.d4 Nb6
16.Nd2 Qc7 17.Qe2 a4 18.Rac1 e6 19.c4 Nxc4 20.Nxc4 dxc4 21.Rxc4 Ra5 22.Qc2 Rfa8
23.Kh1 Qb6 24.Rf2 Rb5 25.Be4 Bf6 26.Kg2 Rb4 27.g5 Rxc4 28.Qxc4 Be7 29.h4 Qb4
30.Qxb4 Bxb4 31.Rc2 Ra5 32.Kf2 a3 33.b3 h5 34.Ke2 Kf8 35.Rc4 Rb5 36.Bd3 Ke7
37.Rc1 Ra5 38.Rc4 Rb5 39.Rc1 Ra5 40.Rc4 Rb5  1/2-1/2

[Event "Copenhagen Chess Challenge 2012"]
[Site "Ballerup DEN"]
[Date "2012.05.05"]
[Round "7"]
[White "Haub,TM"]
[Black "Stefansson,H"]
[Result "1-0"]
[WhiteElo "2476"]
[BlackElo "2516"]

1.Nf3 d5 2.g3 Nf6 3.d3 b6 4.Bg2 Bb7 5.O-O e6 6.Nbd2 Be7 7.e4 dxe4 8.dxe4 Nbd7
9.e5 Nd5 10.Qe2 Nb4 11.Ne4 O-O 12.Bf4 Qc8 13.a3 Nd5 14.Bd2 b5 15.Rfe1 a6
16.c4 bxc4 17.Qxc4 Rd8 18.Rac1 Nf8 19.Ba5 Qd7 20.Nc5 Bxc5 21.Qxc5 Ng6 22.h4 Nge7
23.Ng5 h6 24.Ne4 Nc6 25.Bc3 Qe8 26.Qc4 Nce7 27.Ba5 Bc6 28.Bxc7 Bb5 29.Qa2  1-0

[Event "Copenhagen Chess Challenge 2012"]
[Site "Ballerup DEN"]
[Date "2012.05.06"]
[Round "9"]
[White "Petrovski,P"]
[Black "Svane,Frederik"]
[Result "0-1"]
[WhiteElo "1879"]
[BlackElo "1682"]

1.Nf3 d5 2.g3 c5 3.Bg2 Nc6 4.O-O e5 5.d3 f6 6.Nbd2 Be6 7.e4 d4 8.Re1 Qd7
9.Qe2 O-O-O 10.b3 g5 11.a4 h5 12.h4 g4 13.Nh2 Nge7 14.a5 Ng6 15.Nc4 Be7 16.Bd2 Rdf8
17.Reb1 Qc7 18.Qe1 Qd8 19.Ra4 Rf7 20.b4 cxb4 21.Bxb4 Bxb4 22.Raxb4 Nxb4 23.Qxb4 Bxc4
24.Qxc4+ Qc7 25.Qe6+ Qd7 26.Qc4+ Kb8 27.Qb3 Rc8 28.a6 b6 29.Nf1 Qc7 30.Nd2 Re7
31.Nc4 Nf8 32.Qb4 Qc5 33.Qa4 Ka8 34.Rb5 Qc6 35.Qb4 Rec7 36.Rxb6 axb6 37.Nxb6+ Ka7
38.Nxc8+ Rxc8 39.Qe7+ Kxa6 40.Qa3+ Kb7 41.Qe7+ Ka8 42.Qa3+ Kb8 43.Qb4+ Kc7
44.Qe7+ Nd7 45.Qh7 Qxc2 46.Qxh5 Rb8 47.Qf5 Rb1+ 48.Kh2 Qd1  0-1

[Event "FSGM May 2012"]
[Site "Budapest HUN"]
[Date "2012.05.06"]
[Round "2"]
[White "Czebe,A"]
[Black "Estrada Nieto,J"]
[Result "1-0"]
[WhiteElo "2475"]
[BlackElo "2309"]

1.Nf3 d5 2.g3 Nf6 3.Bg2 c6 4.c4 dxc4 5.O-O g6 6.Na3 b5 7.b3 cxb3 8.Ne5 Qd4
9.Nxc6 Qxa1 10.Qxb3 Be6 11.Qxb5 Nbd7 12.Qb7 Nb6 13.Nb5 Bc8 14.Qc7 Bd7 15.Qd8+  1-0

[Event "Asian Continental w 2012"]
[Site "Ho Chi Minh City VIE"]
[Date "2012.05.06"]
[Round "2.9"]
[White "Gomes,Mary"]
[Black "Nguyen Quynh Anh"]
[Result "1-0"]
[WhiteElo "2378"]
[BlackElo "2129"]

1.Nf3 d5 2.g3 Nf6 3.Bg2 c6 4.O-O Bg4 5.d3 h6 6.b3 Nbd7 7.Bb2 Qc7 8.Nbd2 e5
9.e4 dxe4 10.dxe4 Be6 11.Qe2 b5 12.a4 Rb8 13.Nb1 a6 14.axb5 axb5 15.Nbd2 Bc5
16.h3 O-O 17.Ne1 Nh7 18.Nd3 Bb6 19.Kh2 Rbe8 20.Ba3 c5 21.c4 b4 22.Bb2 f6
23.Rfe1 Bf7 24.Nf1 Ng5 25.Ne3 Ne6 26.Nd5 Qb8 27.h4 Nc7 28.Bc1 Be6 29.Bf3 f5
30.Bh5 fxe4 31.Qxe4 Bf5 32.Qg2 Bxd3 33.Nxc7 Qxc7 34.Bxe8 Nf6 35.Bc6 Ng4+
36.Kg1 Bc2 37.Bd5+ Kh8 38.f3  1-0

[Event "42nd Bosna Open A"]
[Site "Sarajevo BIH"]
[Date "2012.05.06"]
[Round "3.9"]
[White "Arsovic,Z"]
[Black "Beliavsky,A"]
[Result "1-0"]
[WhiteElo "2455"]
[BlackElo "2613"]

1.Nf3 d5 2.g3 c6 3.c4 Nf6 4.Bg2 Bg4 5.Ne5 Be6 6.cxd5 Bxd5 7.Nf3 c5 8.Nc3 Bc6
9.O-O e6 10.d3 Be7 11.e4 O-O 12.Qe2 b5 13.a4 b4 14.Nb1 Bb7 15.Nbd2 Nc6 16.Nc4 Nd7
17.Be3 Qc7 18.Bf4 e5 19.Be3 Rad8 20.Bh3 Nb6 21.b3 Nxc4 22.bxc4 g6 23.Bh6 Rfe8
24.Bc1 h5 25.Bb2 Kg7 26.Ne1 h4 27.Ng2 hxg3 28.fxg3 Nd4 29.Bxd4 cxd4 30.Rf3 Rf8
31.Raf1 Bc6 32.R3f2 Bc5 33.Bg4 b3 34.h4 Rb8 35.h5 b2 36.Rb1 Ba3 37.Nh4 Qe7
38.Qd2 Rh8 39.Rf5 Bb4 40.Qe2 Bd7 41.Rf2 Bc3 42.Qf3 Be8 43.c5 Rh6 44.Bh3 Bxa4
45.Qg4 Rxh5 46.Nf5+ Rxf5 47.exf5 Qf6 48.Bg2 Bd7 49.Be4 a5 50.c6 Bc8 51.Qh3 Qg5
52.c7 Rb6 53.Kg2 Qc1 54.Qh4 gxf5 55.Bxf5 Bb7+ 56.Be4 Bc8 57.Qh7+  1-0

[Event "TCh-HUN 2011-12"]
[Site "Szombathely HUN"]
[Date "2012.05.06"]
[Round "10"]
[White "Ruck,R1"]
[Black "Balogh,C"]
[Result "1/2-1/2"]
[WhiteElo "2579"]
[BlackElo "2662"]

1.Nf3 d5 2.g3 Bg4 3.Bg2 Nd7 4.c4 e6 5.O-O Ngf6 6.cxd5 exd5 7.Nc3 c6 8.d3 Be7
9.Qc2 Nc5 10.h3 Be6 11.Be3 O-O 12.Nd4 Bd7 13.b4 Ne6 14.Rab1 Re8 15.Rfc1 Nh5
16.Na4 Nxd4  1/2-1/2

[Event "Asian Continental w 2012"]
[Site "Ho Chi Minh City VIE"]
[Date "2012.05.08"]
[Round "4.10"]
[White "Gomes,Mary"]
[Black "Pratyusha,B"]
[Result "1-0"]
[WhiteElo "2378"]
[BlackElo "2123"]

1.Nf3 d5 2.g3 g6 3.Bg2 Bg7 4.O-O e5 5.d3 Nc6 6.Nbd2 Nge7 7.e4 O-O 8.exd5 Nxd5
9.h3 h6 10.Re1 Re8 11.Nc4 b6 12.Ne3 Nxe3 13.Bxe3 Bb7 14.c3 a5 15.d4 exd4
16.Nxd4 Nxd4 17.Bxb7 Rb8 18.Bg2 Ne6 19.Bc6 Qxd1 20.Raxd1 Red8 21.Bd4 g5 22.f4 Bf6
23.f5 Ng7 24.g4 Rd6 25.Bf2 Rbd8 26.Bf3 Rxd1 27.Rxd1 Rxd1+ 28.Bxd1 Be5 29.Ba4 Kf8
30.c4 c5 31.b3 Ne8 32.Kg2 Nd6 33.Bc6 Ke7 34.Kf3 Kf6 35.Ke2 Bf4 36.Be1 Be5
37.Kd3 Ke7 38.a3 f6 39.b4 axb4 40.axb4 Bd4 41.bxc5 bxc5 42.Ba5 Bb2 43.Bb6 Bd4
44.Bb5 Nc8 45.Ba5 Nd6 46.Bc6 Bb2 47.Kc2 Bd4 48.Bd5 Nc8 49.Kb3 Kd6 50.Ka4 Ne7
51.Bb7 Nc6 52.Bxc6 Kxc6 53.Bd8 Kd7 54.Bb6 Kc6 55.Ka5 Be5 56.Ka6 Bd4 57.Ba5 Bb2
58.Ka7 Be5 59.Bd8 Kd7 60.Bb6 Kc6 61.Ba5 Bb2 62.Kb8 Kd7 63.Kb7 Be5 64.Kb6 Kd6
65.Kb5 Bd4 66.Bd2 Kd7 67.Bc1 Bf2 68.Ba3 Kd6 69.Bb2 Bd4 70.Bxd4 cxd4 71.c5+ Ke5
72.c6 d3 73.c7 d2 74.c8=Q d1=Q 75.Qe6+ Kf4 76.Qxf6 Qb3+ 77.Kc6 Kg3 78.Qxh6 Qa4+
79.Kc7 Qa7+ 80.Kd8 Qb8+ 81.Ke7 Qc7+ 82.Kf6 Qd8+ 83.Kg6  1-0

[Event "14th Salou Open"]
[Site "Salou ESP"]
[Date "2012.05.08"]
[Round "6.5"]
[White "Asis Gargatagli,H"]
[Black "Larino Nieto,D"]
[Result "1/2-1/2"]
[WhiteElo "2473"]
[BlackElo "2469"]

1.Nf3 d5 2.g3 c5 3.Bg2 Nc6 4.d4 e6 5.O-O Nf6 6.c4 Be7 7.cxd5 exd5 8.Nc3 O-O
9.b3 Bf5 10.Bb2 Ne4 11.dxc5 Nxc3 12.Bxc3 Bxc5 13.e3 Be4 14.Rc1 Ba3 15.Ra1 Bc5
16.Rc1 Ba3 17.Ra1 Bc5  1/2-1/2

[Event "42nd Bosna Open A"]
[Site "Sarajevo BIH"]
[Date "2012.05.08"]
[Round "6.9"]
[White "Dizdarevic,E"]
[Black "Banusz,T"]
[Result "1/2-1/2"]
[WhiteElo "2462"]
[BlackElo "2582"]

1.Nf3 d5 2.g3 Nf6 3.Bg2 c6 4.O-O Bg4 5.c4 e6 6.cxd5 exd5 7.h3 Bxf3 8.Bxf3 Bd6
9.d4 O-O 10.Nc3 Re8 11.Bg5 Nbd7 12.Qd3 h6 13.Bxf6 Nxf6 14.a3 a5 15.Rfe1 Bf8
16.Rad1 Qb6 17.Qc2 Rad8 18.Kg2 Re6 19.e3 Ne8 20.h4 Nf6 21.h5 Bd6 22.e4 dxe4
23.Nxe4 Nxe4 24.Rxe4 Rxe4  1/2-1/2

[Event "Asian Continental 2012"]
[Site "Ho Chi Minh City VIE"]
[Date "2012.05.09"]
[Round "5.13"]
[White "Nguyen Ngoc Truong Son"]
[Black "Wei Yi"]
[Result "1-0"]
[WhiteElo "2656"]
[BlackElo "2376"]

1.Nf3 d5 2.g3 Nf6 3.Bg2 e6 4.O-O Be7 5.d3 b6 6.c4 Bb7 7.cxd5 Nxd5 8.Qa4+ Qd7
9.Qxd7+ Nxd7 10.Nc3 Nxc3 11.bxc3 e5 12.Be3 O-O-O 13.Ng5 Bxg5 14.Bxg5 Bxg2
15.Kxg2 Rde8 16.f3 Re6 17.Rac1 h6 18.Be3 Rhe8 19.g4 c5 20.c4 Nb8 21.Bd2 Nc6
22.Bc3 h5 23.g5 Nd4 24.Kf2 Kc7 25.Rcd1 Nf5 26.e3 Rd8 27.Ke2 Nd4+ 28.Bxd4 exd4
29.e4 f5 30.gxf6 Rxf6 31.Rg1 g6 32.Rg5 Rdf8 33.Rf1 Kd7 34.a4 Kc6 35.h3 Kc7
36.Rf2 R8f7 37.f4 Kd7 38.a5 Rf8 39.a6 Ke7 40.Rf1 Kd7 41.Rf3 R8f7 42.Rg2 Rf8
43.Rfg3 Rxf4 44.Rxg6 R8f7 45.Rg7 Rf2+ 46.Rxf2 Rxg7 47.Kf3 Kc6 48.e5 Rf7+
49.Ke2 Re7 50.Rf5 b5 51.Rf6+ Kc7 52.cxb5 Rxe5+ 53.Kd2 Kb8 54.Rf7 Rg5 55.Rb7+ Ka8
56.Rh7 Kb8 57.h4 Rg2+ 58.Kc1 Rg3 59.Kc2 c4 60.dxc4 Rc3+ 61.Kd2 Rxc4 62.Rxh5 Kc7
63.Rh7+ Kb6 64.Rb7+ Ka5 65.b6 Rc8 66.bxa7 Ra8 67.h5 Kxa6 68.Rg7  1-0

[Event "FSGM May 2012"]
[Site "Budapest HUN"]
[Date "2012.05.10"]
[Round "6"]
[White "Arngrimsson,D"]
[Black "Estrada Nieto,J"]
[Result "1-0"]
[WhiteElo "2381"]
[BlackElo "2309"]

1.Nf3 d5 2.g3 Bg4 3.Bg2 Nd7 4.d4 c6 5.O-O Bxf3 6.Bxf3 Ngf6 7.c4 e6 8.Nc3 Bd6
9.e4 dxe4 10.Nxe4 Nxe4 11.Bxe4 Nf6 12.Bg2 O-O 13.Qe2 Re8 14.f4 Bc7 15.Be3 Bb6
16.Rad1 Qe7 17.Kh1 Rad8 18.g4 h6 19.g5 hxg5 20.fxg5 Nh7 21.Qh5 e5 22.Rxf7 Nf6
23.Rxe7 Nxh5 24.Rxe8+ Rxe8 25.c5 exd4 26.Bxd4 Bd8 27.Bf3  1-0

[Event "42nd Bosna Open A"]
[Site "Sarajevo BIH"]
[Date "2012.05.10"]
[Round "8.8"]
[White "Yilmaz,M"]
[Black "Banusz,T"]
[Result "1-0"]
[WhiteElo "2536"]
[BlackElo "2582"]

1.Nf3 d5 2.g3 g6 3.Bg2 Bg7 4.O-O Nf6 5.c4 c6 6.Qb3 O-O 7.d4 Qb6 8.Nc3 Bf5
9.cxd5 Qxb3 10.axb3 Nxd5 11.Bg5 Re8 12.Ra4 Be6 13.e4 Nb6 14.Ra3 Bg4 15.Rfa1 a6
16.Ne5 Bxe5 17.dxe5 N8d7 18.Be3 Rad8 19.f4 f6 20.f5 Nxe5 21.Bxb6 Rd2 22.Rf1 gxf5
23.exf5 Rxb2 24.h3 Rc2 25.Bd4 Bh5 26.Be4 Rd2 27.Be3 Rd7 28.Raa1 Bf7 29.Na4 Bd5
30.Bc2  1-0